000 00514nam a2200181Ia 4500
005 20250508160731.0
008 008 250505s9999 xx 000 0 eng d
037 _aTextual
040 _aFEDL
_beng
_cFEDL
041 _aeng
_2eng
084 _a368.40954, HAS
_qFEDL
100 _aHasan N.
245 0 _aSocial security system of India
260 _aNew Delhi, India
_bS. Chand and Company Ltd.
_c1972
300 _axiii,252p.
942 _cTEXL
_h368.40954, HAS
999 _c1366312
_d1366312